Crafting and executing strategy : (Record no. 7627)
[ view plain ]
| 000 -LEADER | |
|---|---|
| fixed length control field | 01376cam a2200205Ii 4500 |
| 020 ## - INTERNATIONAL STANDARD BOOK NUMBER | |
| ISBN | 9781259921995 |
| 020 ## - INTERNATIONAL STANDARD BOOK NUMBER | |
| ISBN | 1259921999 |
| 050 #4 - CALL NUMBER | |
| Classification number | HD30.28 |
| Item number | .T37 |
| 100 1# - AUTHOR | |
| Personal name | Thompson, Arthur A., |
| 245 10 - TITLE | |
| Title | Crafting and executing strategy : |
| Remainder of title | the quest for competitive advantage : concepts and cases / |
| Statement of responsibility, etc | Arthur A. Thompson (The University of Alabama), Margaret A. Peteraf (Dartmouth College), John E. Gamble (Texas A&M-Corpus Christi), A.J. Strickland III (The University of Alabama). |
| 250 ## - EDITION | |
| Edition statement | Twenty-first edition. |
| 250 ## - EDITION | |
| Edition statement | McGraw-Hill Education international edition. |
| 260 ## - PUBLICATION INFORMATION | |
| Place of publication | New York : |
| Name of publisher | McGraw-Hill Education, |
| Year of publication | 2017. |
| 300 ## - DESCRIPTION | |
| Number of Pages | xlii 1volume (various pagings) : |
| Other physical details | color illustrations ; |
| Dimensions | 26 cm. |
| 500 ## - NOTES | |
| General note | Includes bibliographical reference and index |
| 505 ## - FORMATTED CONTENTS NOTE | |
| Table of Content | Part 1: Concepts and techniques for crafting and executing strategy --Section A: Introduction and overview --Section B: Core concepts and analytical tools --Section C: Crafting a strategy --Section D: Executing the strategy --Part 2: Cases in crafting and executing strategy --Section A: Crafting strategy in single-business companies --Section B: Crafting strategies in divesified companies --Section C: Implementing and executing strategy --Section D: Strategy, ethics, and social responsibility. |
| 650 #0 - SUBJECTS | |
| Topical Term | Strategic planning. |
| 650 #0 - SUBJECTS | |
| Topical Term | Business planning. |
| 942 ## - ADDED ENTRY ELEMENTS (KOHA) | |
| Koha item type | Books |
| Withdrawn status | Lost status | Collection code | Home library | Current library | Shelving location | Date acquired | Source of acquisition | Cost, normal purchase price | Full call number | Accession Number | Koha item type |
|---|---|---|---|---|---|---|---|---|---|---|---|
| Reference | Methodist University Library Main | Methodist University Library Main | General Stacks | Abiyda books | 0.00 | HD30.28 .T37 | 8502 | Books | |||
| Methodist University Library Main | Methodist University Library Main | General Stacks | Abiyda books | 0.00 | HD30.28 .T37 | 8503 | Books | ||||
| Reference | Methodist University Library Tema | Methodist University Library Tema | General Stacks | Abiyda books | 0.00 | HD30.28 .T37 | 8504 | Books | |||
| Methodist University Library Tema | Methodist University Library Tema | General Stacks | Abiyda books | 0.00 | HD30.28 .T37 | 8505 | Books |